Paroles - Comme d'hab Jul - Statistiques

Statistiques générales
  • Ce quiz a été pris 399 fois
  • Le résultat moyen est 300 sur 473
Statistiques - réponses
Réponse % Correct
à
92%
À
92%
a
92%
i
91%
de
90%
Il
89%
que
88%
Que
88%
ma
87%
la
86%
le
86%
Le
86%
comme
84%
Comme
84%
sont
84%
d'hab'
82%
fou
81%
Ils
81%
je
81%
pleins
81%
personne
80%
quand
80%
Quand
80%
Y'a
80%
y'a
80%
fout
79%
nada
79%
foutre
78%
Rien
78%
Te
78%
des
75%
en
74%
En
74%
fais
74%
Fais
74%
J'voyais
74%
Les
74%
les
74%
pas
73%
Pas
73%
rue
73%
Sur
73%
sur
73%
on
72%
On
72%
y'avait
72%
tu
70%
Tu
70%
dans
68%
d'manies
68%
m'valide
67%
chair
65%
j'en
65%
J'en
65%
rigole
65%
tant
65%
du
64%
fini
64%
vie
63%
A.M.G
62%
encule
62%
frères
62%
hommes
62%
Jul
62%
Marseille
62%
d'amis
61%
madame
61%
putes
61%
Alonzo
60%
c'est
60%
C'est
60%
contraires
60%
forces
60%
j'vous
60%
l'appart'
60%
l'or
60%
j'ai
59%
l'ordre
59%
Mama
59%
s'en
59%
caillasse
58%
Fais-le
58%
fais-le
58%
quartier
58%
s'attirent
58%
BG
57%
Honda
57%
Désolé
56%
dire
56%
mort
56%
tête
56%
d'ta
55%
gens
55%
chauffe
54%
mes
54%
rentrer
54%
un
54%
biens
53%
folle
53%
d'eux
52%
qui
52%
taule
52%
et
51%
l'désordre
51%
J'me
50%
j'me
50%
salope
50%
tonnes
50%
tous
50%
trop
50%
l'alcool
48%
Rapta
48%
vaillants
48%
commences
47%
train
47%
j'embrasse
46%
j'fume
46%
mic'
46%
mon
46%
Puis
46%
parle
45%
team
45%
guettes
44%
jamais
44%
pour
44%
une
44%
plus
43%
Survêt
43%
d'cramer
42%
nuit
42%
stick
42%
galope
41%
vas
41%
cache
40%
dors
40%
pleurer
40%
dis-le
39%
écœuré
39%
fond
39%
mal
38%
oh
38%
foot
37%
m'ont
37%
parles
37%
RR
37%
t'prendre
37%
Devant
36%
tes
36%
t'reste
36%
fous
35%
l'mac
35%
J'vis
34%
l'terrain
34%
gros
33%
petits
33%
au
32%
c'fils
32%
crève-le
32%
lève-le
32%
d'la
30%
gratte
29%
monde
29%
rêves
29%
calote
28%
quelqu'chose
28%
R1
28%
1000
27%
j'sors
27%
reviennent
27%
font
26%
Viens
26%
plaque
25%
sous
25%
shour
24%
terrible
24%
Mesrine
20%
farines
19%
guidon
19%
Partagent
19%
coupent
17%
slalome
15%
Aucun quiz correspondant
Distribution des résultats
% des personnes avec chaque résultat
Percentile par nombre de réponses
Votre historique - résultats
Vous n’avez pas pris ce quiz